| 000 | 00401nam a22001577a 4500 | ||
|---|---|---|---|
| 003 | OSt | ||
| 008 | 241004b |||||||| |||| 00| 0 eng d | ||
| 041 | _amal | ||
| 082 |
_a398 _bSAS/CH |
||
| 100 |
_aSasi, Cheravalli _96281 |
||
| 245 | _aChengannoo kunjathi oru puravritham / | ||
| 260 |
_aThiruvananthapuram : _bChintha Publishers, _c2023. |
||
| 300 | _a207p. | ||
| 650 |
_aFollore _96282 |
||
| 942 | _cBK | ||
| 999 |
_c18110 _d18110 |
||